Origen y significado de la idea de América Latina /
El objetivo del presente artículo es examinar el origen y significado de la idea de América Latina. Está dividido en tres partes: la historia de las ideas y la investigación sobre la idea América, idea de América y de América Latina e itinerarios sobre el nombre de América Latina. Se concluye que ni...
Uloženo v:
| Hlavní autor: | |
|---|---|
| Médium: | Text |
| Témata: | |
| Tagy: |
Přidat tag
Žádné tagy, Buďte první, kdo vytvoří štítek k tomuto záznamu!
|
MARC
| LEADER | 00000 a a2200000 04500 | ||
|---|---|---|---|
| 001 | 46161 | ||
| 003 | |||
| 040 | |||
| 100 | |a Rincón, Elita | ||
| 245 | |a Origen y significado de la idea de América Latina / |c Elita Rincón | ||
| 520 | |a El objetivo del presente artículo es examinar el origen y significado de la idea de América Latina. Está dividido en tres partes: la historia de las ideas y la investigación sobre la idea América, idea de América y de América Latina e itinerarios sobre el nombre de América Latina. Se concluye que ninguno de los nombres que ha recibido el continente americano se identifica con sus características geográficas. | ||
| 590 | |a AMB/MAYO2014 | ||
| 650 | |a A)HISTORIA | ||
| 650 | |a B)INVESTIGACION | ||
| 650 | |a C)AMERICA | ||
| 650 | |a D)AMERICA LATINA | ||
| 773 | |g volumen20, número36 ( , 2009), páginas 31-47 | ||
| 999 | |c 27942 |d 27942 | ||
